Statistics for Lord Of The Rings quiz

Click here to take the quiz!

General Stats

  • This quiz has been taken 581 times
    (575 since last reset)
  • The average score is 11 of 17

Answer Stats

Hint Answer % Correct
1Becomes King of Gondor?Aragorn
96%
3One does not simply walk into,,,Mordor
93%
8Where Theoden is King?Rohan
88%
16He loves and hates the ring?Gollum
80%
12The race which can be found at Rivendell?Elves
80%
13The race that attacks Helms Deep?Uruk-Hai
74%
10Treebeards Race?Ents
73%
7Disguised as Black Riders?Nazgul
66%
14The beasts that orcs ride?Wargs
64%
2Where the Witch King comes From?Angmar
63%
15The watch tower where Frodo was stabbed by a Nazgul?Amon Sul
52%
4The fortress of Sauron in Mordor?Barad-Dur
50%
5Uruk-hai leader from The Fellowship of the Ring (Movie)?Lurtz
40%
17The ambassador of Sauron?The Mouth of Sauron
37%
9The name of the Pub/inn in the Shire?The Green Dragon
37%
11The city of dead?Minas Morgul
33%
6The Orc leader that attacks Minas Tirith?Gothmog
26%

Score Distribution

Percentile by Number Answered

Percent of People with Each Score

Your Score History

You have not taken this quiz since the last reset